All Aerolineas Argentinas Destinations (2024) - Statistics

General Stats
  • This quiz has been taken 172 times
    104 since last reset
  • The average score is 32 of 60
Answer Stats
Country Destination % Correct
Brazil Rio de Janeiro
100%
Argentina Buenos Aires (AEP)
99%
Argentina Buenos Aires (EZE)
99%
Italy Rome
99%
Brazil São Paulo
99%
Spain Madrid
97%
United States New York (JFK)
97%
Chile Santiago de Chile
97%
Argentina Santiago del Estero
97%
Colombia Bogotá
96%
United States Miami
96%
Peru Lima
94%
Brazil Brasilia
93%
Uruguay Montevideo
93%
Paraguay Asunción
83%
Mexico Cancún
83%
Argentina Córdoba
74%
Argentina Mendoza
68%
Dominican Republic Punta Cana
68%
Bolivia Santa Cruz de la Sierra
67%
Brazil Porto Alegre
65%
Brazil Curitiba
62%
Argentina Rosario
62%
Argentina Ushuaia
58%
Brazil Florianópolis
51%
Argentina Mar del Plata
43%
Uruguay Punta del Este
43%
Argentina Salta
43%
Argentina San Juan
43%
Argentina San Salvador de Jujuy
43%
Argentina Santa Fe
43%
Argentina San Carlos de Bariloche
41%
Argentina Neuquén
38%
Argentina Tucumán
38%
Argentina San Luis
36%
Argentina Bahia Blanca
35%
Argentina Corrientes
35%
Argentina Comodoro Rivadavia
33%
Argentina La Rioja
32%
Argentina Puerto Madryn
32%
Argentina Rio Gallegos
32%
Argentina El Calafate
30%
Argentina Formosa
30%
Argentina Posadas
30%
Argentina Resistencia
30%
Argentina San Fernando del Valle de Catamarca
30%
Argentina Trelew
30%
Argentina Puerto Iguazú
29%
Argentina Santa Rosa
28%
Argentina Viedma
28%
Argentina Paraná
25%
Argentina Rio Grande
25%
Argentina Rio Cuarto
23%
Argentina San Martín de los Andes
23%
Brazil Porto Seguro
22%
Argentina Esquel
20%
Brazil Salvador de Bahia
20%
Argentina San Rafael
16%
Argentina Termas de Rio Hondo
13%
Argentina Reconquista
12%
No matching quizzes found
Score Distribution
Percent of People with Each Score
Percentile by Number Answered
Your Score History
You have not taken this quiz since the last reset